Coupe du Monde 2022: clubs des joueurs de l'EDF - Statistiques

Statistiques générales
  • Ce quiz a été pris 2 096 fois
    1 996 depuis la dernière actualisation
  • Le résultat moyen est 23 sur 25
Statistiques - réponses
Poste Joueur Club % Correct
Attaquant Kylian Mbappé Paris Saint-Germain
99%
Défenseur Lucas Hernandez Bayern Munich
98%
Défenseur Benjamin Pavard Bayern Munich
98%
Défenseur Dayot Upamecano Bayern Munich
98%
Attaquant Kingsley Coman Bayern Munich
98%
Défenseur Jules Koundé FC Barcelone
98%
Attaquant Ousmane Dembélé FC Barcelone
98%
Milieu Jordan Veretout Olympique de Marseille
98%
Milieu Mattéo Guendouzi Olympique de Marseille
98%
Défenseur Theo Hernandez AC Milan
97%
Attaquant Olivier Giroud AC Milan
97%
Milieu Eduardo Camavinga Real Madrid
97%
Milieu Aurélien Tchouaméni Real Madrid
97%
Milieu Adrien Rabiot Juventus
94%
Gardien Hugo Lloris Tottenham Hotspurs
93%
Attaquant Antoine Griezmann Atletico Madrid
90%
Défenseur Raphaël Varane Manchester United
90%
Défenseur William Saliba Arsenal
88%
Défenseur Ibrahima Konaté Liverpool
88%
Gardien Steve Mandanda Stade Rennais
88%
Défenseur Axel Disasi AS Monaco
83%
Milieu Youssouf Fofana AS Monaco
83%
Gardien Alphonse Aréola West Ham
77%
Attaquant Randal Kolo Muani Eintracht Francfort
75%
Attaquant Marcus Thuram Borussia Mönchengladbach
45%
Aucun quiz correspondant
Distribution des résultats
% des personnes avec chaque résultat
Percentile par nombre de réponses
Votre historique - résultats
Vous n’avez pas pris ce quiz depuis la dernière actualisation